000 00970nam a2200265Ia 4500
008 130821s1996 mx a gr spa
020 _a9682446368
040 _aCo-BoUCM
_bspa
041 0 0 _aspa
245 1 0 _aABC del desarrollo organizacional
_cCarlos Augusto Audirac Camarena...[et al.]
260 _aMéxico D.F. (México)
_bEditorial Trillas
_c1996
300 _a110 páginas
_bilustraciones, tablas, cuadros
504 _aIncluye bibliografía e índice
650 0 4 _aAdministración de empresas
_9435
650 0 4 _aAnálisis de sistemas
_98971
650 0 4 _aCambio organizacional
_97360
650 0 4 _aDesarrollo industrial
_912970
700 1 _aAudirac Camarena, Carlos Augusto
700 1 _aDomínguez González, Alberto.
700 1 _aLeón Estavillo, Verónica De.
700 1 _aLópez García, María Elena
700 1 _aPuesta Negrete, Lourdes Isabel.
942 _cLIBRO
_a16
_e1
_mA134
_2DEWEY
_h658.401
999 _c44528
_d44528